[Event "Biel GM"]
[Site "Biel"]
[Date "2004.07.20"]
[Round "2"]
[White "Ponomariov, Ruslan"]
[Black "Sasikiran, Krishnan"]
[Result "1-0"]
[WhiteElo "2722"]
[BlackElo "2666"]
[Annotator "Wedberg,T"]
[PlyCount "123"]
[EventDate "2004.07.19"]
[EventType "tourn"]
[EventRounds "10"]
[EventCountry "SUI"]
[EventCategory "18"]
[SourceTitle "CBM 102"]
[Source "ChessBase"]
[SourceDate "2004.09.23"]
[SourceVersion "1"]
[SourceVersionDate "2004.09.23"]
[SourceQuality "1"]

1. e4 {Ftacnik} e5 2. Nf3 Nc6 3. Bb5 a6 4. Ba4 Nf6 5. O-O Be7 6. Re1 b5 7. Bb3
d6 8. c3 O-O 9. h3 Nb8 10. d4 Nbd7 11. Nbd2 Bb7 12. Bc2 Re8 13. a4 Bf8 14. Bd3
c6 15. b3 g6 16. Bf1 {Not a novelty, but quite unusual. Whites basic central
strategy is the same though. Moves like Bb2/a3, Qc2 and Rad1 are in the
pipeline.} (16. Qc2 {is more common.}) 16... Qc7 (16... Rc8 17. Ba3 Qb6 18. Qc2
Nh5 19. Rad1 Nf4 20. Qa2 Ne6 $13 {0-1 Stefansson,H-Bologan,V/New Delhi/Teheran
2000/CBM 80 (49)}) 17. Bb2 Rac8 {Ftacnik: 'The battle is being fought in a bit
special position, since the pawn structure can take rather varied forms. It is
not easy to choose the flexible squares for pieces in order to be ready for
different alternatives. '} (17... Bg7 {Ftacnik} 18. Qc2 d5 19. exd5 Nxd5 20. c4
$14) 18. Qc2 Qb8 19. g3 (19. axb5 {Ftacnik} axb5 20. Bd3 Bg7 21. dxe5 dxe5 22.
c4 $14) 19... Bg7 20. Rad1 Ba8 {Its a game of wait and see for the moment.
Both sides are making useful moves in case the other side decides to open the
game.} (20... bxa4 $5 {Ftacnik} 21. bxa4 Qc7 $11) 21. axb5 axb5 22. b4 $1 {
White is about to create som real pressure with the typical manouvre dxe5
followed by c4.} c5 $5 {Handing the centre to White, but Blacks two connected
passed P:s are valuable too.} (22... d5 23. dxe5 Nxe5 24. Nxe5 Qxe5 25. c4 $36)
23. bxc5 exd4 (23... dxc5 {Ftacnik} 24. d5 (24. dxe5 Nh5 25. Be2 Rcd8 26. c4 b4
27. Nb3 Qc7 28. Qc1 $14) 24... Qb6 25. Rb1 $16) 24. cxd4 dxc5 25. d5 c4 26. Bc3
Qc7 27. Rb1 Rb8 28. Qa2 Nxe4 $2 {This is highly dubious. Maybe Black was
concerned about the passive B on a8.} (28... Nc5 $13) 29. Nxe4 Bxd5 30. Bxg7
Bxe4 31. Rxe4 $1 (31. Ba1 {Ftacnik} Bxf3 32. Qb2 c3 (32... f6 33. Rxe8+ Rxe8
34. Qxb5 Rc8 35. Rc1 Ne5 36. Bxe5 Qxe5 37. Bxc4+ Kh8 $11) 33. Qxc3 Qxc3 34.
Rxe8+ Rxe8 35. Bxc3 $11) 31... Rxe4 32. Bc3 Re6 {'?' Ftacnik. Ftacnik: 'This
mistake will be very costly, since the retreat of the rook is giving white a
precious tempo.'} (32... Nc5 {Ftacnik} 33. Bg2 Na4 34. Bf6 Ree8 35. Qd2 Re6 $13
) 33. Qd2 $1 {[%csl Rg7][%cal Yc3g7,Yd2h6,Yh6g7,Yd2d4] White has chances for
an attack - that is the factor that gives him the edge.} f6 34. Qd5 Qc6 (34...
Qd6 {Ftacnik} 35. Rxb5 Qxd5 36. Rxd5 $18) 35. Qxc6 Rxc6 36. Nd4 Rc5 37. Rxb5 $1
{The winning trick. Ftacnik: 'The rest of the game is only a matter of good
technique and the exchampion is convincingly cashing the advantage in the
style of Karpov.'} Rbxb5 38. Nxb5 Ne5 39. Nd6 Kg7 40. f4 Nd7 41. Nxc4 $18 h5
42. Kf2 Rc6 43. Bd4 Nc5 44. Kf3 Ne6 45. Bb2 Kf7 46. Ne3 Nc7 47. Bc4+ Kg7 48.
Ke4 Ne8 49. Bd4 Rc7 50. Kd3 Rd7 51. Bb5 Rd8 52. Bxe8 Rxe8 53. Nd5 Re6 54. Nxf6
$1 {Simplifying into an easily won P-ending.} Rxf6 55. g4 hxg4 56. hxg4 Kf7 57.
Bxf6 Kxf6 58. Kd4 Ke6 59. Kc5 Ke7 60. Kd5 Kd7 61. Ke5 Ke7 62. g5 1-0

[Event "Bundesliga 0203"]
[Site "Germany"]
[Date "2003.03.29"]
[Round "14.2"]
[White "Svidler, Peter"]
[Black "Sokolov, Ivan"]
[Result "1/2-1/2"]
[WhiteElo "2690"]
[BlackElo "2684"]
[Annotator "Wedberg,T"]
[PlyCount "84"]
[EventDate "2002.10.19"]
[EventType "team-tourn"]
[EventRounds "15"]
[EventCountry "GER"]
[SourceTitle "CBM 095"]
[Source "ChessBase"]
[SourceDate "2003.07.25"]
[SourceVersion "1"]
[SourceVersionDate "2003.07.25"]
[SourceQuality "1"]
[WhiteTeam "Baden Oos"]
[BlackTeam "Porz"]
[WhiteTeamCountry "GER"]
[BlackTeamCountry "GER"]

1. e4 e5 2. Nf3 Nc6 3. Bb5 a6 4. Ba4 Nf6 5. O-O Be7 6. Re1 b5 7. Bb3 d6 8. c3
O-O 9. h3 Nb8 10. d4 Nbd7 11. Nbd2 Bb7 12. Bc2 c5 ({Less common than:} 12...
Re8) 13. Nf1 Re8 14. d5 g6 15. b3 (15. Be3 Bf8 16. N1h2 Bg7 17. Ng4 Nxg4 18.
hxg4 Nf6 {1/2-1/2 Spassky,B-Gligoric,S/Bath 1973/EU-chT (18)}) (15. a4 Nb6 16.
Ne3 Nxa4 17. Bxa4 bxa4 18. Nc4 Bc8 19. Qxa4 {1/2-1/2 Georgiev,K-Sygulski,A/
Warsaw 1983/MCD (19)}) 15... Nb6 (15... a5 $5 16. Rb1 Nh5 17. Ne3 Ba6 18. c4 b4
19. g3 Bc8 20. Kh2 Ndf6 21. Ng1 Ng7 22. Rb2 Nfh5 23. Ng4 Rf8 $40 {0-1 Cervetto,
E-Slipak,S/Villa Martelli 1998/EXT 2000 (48)}) 16. Ne3 {We have a P-formation
typical of the closed Ruy Lopes. But quite often Black has a N on a5 to worry
about in these situations. Now it´s on b6 which is more flexible. Still the
only one who can be better here is White with his considerable space advantage.
} (16. a4 bxa4 17. bxa4 a5 18. Ne3 Ba6 19. Ng4 Nxg4 20. hxg4 Bc8 21. Nd2 Bg5
22. Bd3 Bd7 $11 {1/2-1/2 Torre,E-Gligoric,S/Nice 1974/EXT 2000 (48)}) 16... Bc8
17. a4 Bd7 18. a5 Nc8 19. b4 c4 {With the preliminary fighting over on the
Q-side the real game begins on the K-side.} 20. g4 h5 21. Nh2 hxg4 22. hxg4 Nh7
23. Kg2 Bg5 24. Rh1 Qf6 25. Bd2 Ne7 26. Qe2 Kg7 27. Rag1 Rh8 {Both sides mass
pieces on the K-side for the coming battle.} 28. Kf1 Bf4 29. Nf5+ $5 {[%mdl
640] In the right moment before Black has moved Ra8 to g8 with all pieces in
play.} gxf5 30. gxf5+ Kf8 31. Ng4 Qg7 32. Rh6 $5 f6 (32... Bxh6 $2 33. Bxh6 $18
) 33. Bxf4 exf4 34. e5 $1 (34. Rgh1 {just pinning Black into submission was
also interesting. One idea is to continue with f3 and then play the N to f4
via f2 and h3 after due preparation.}) 34... dxe5 $2 (34... Ng8 $142 35. exf6
Qf7 36. Rh3 Re8 37. Qd2 Ngxf6 38. Qxf4 Rg8 $13) 35. d6 Nxf5 36. Nxe5 Qxh6 (
36... fxe5 $2 37. Rxg7 Kxg7 38. Qh5 $1 $18) 37. Nxd7+ Kf7 38. Bxf5 Rae8 39. Qf3
Ng5 40. Qb7 Qh5 41. Bg4 $2 {What a pity.} (41. Ne5+ $1 Kg8 42. d7 Rd8 43. Qd5+
Kg7 44. Qd6 $1 {Nice move - easy to miss. The Q threatens to come to e7 with
deadly effect.} Rhf8 45. Ng6 $18) 41... Qh7 42. Ne5+ Kf8 1/2-1/2

[Event "Sarajevo Bosnia 33rd"]
[Site "Sarajevo"]
[Date "2003.05.19"]
[Round "2"]
[White "Shirov, Alexei"]
[Black "Sokolov, Ivan"]
[Result "1/2-1/2"]
[WhiteElo "2735"]
[BlackElo "2677"]
[Annotator "Wedberg,T"]
[PlyCount "98"]
[EventDate "2003.05.18"]
[EventType "tourn"]
[EventRounds "9"]
[EventCountry "BIH"]
[EventCategory "16"]
[SourceTitle "CBM 096"]
[Source "ChessBase"]
[SourceDate "2003.09.25"]
[SourceVersion "1"]
[SourceVersionDate "2003.09.25"]
[SourceQuality "1"]

1. e4 e5 2. Nf3 Nc6 3. Bb5 a6 4. Ba4 Nf6 5. O-O Be7 6. Re1 b5 7. Bb3 d6 8. c3
O-O 9. h3 Nb8 10. d4 Nbd7 11. Nbd2 Bb7 12. Bc2 c5 (12... Re8 {is the main line.
}) 13. Nf1 (13. d5 {looks normal but is what Black is hoping for.} g6 {and
Black can play for Nh5 and f5. The point is that Black has avoided losing time
with Re8-f8.}) 13... Re8 14. Ng3 ({For} 14. d5 {see 1/2-1/2 Svidler,P-Sokolov,
I/Germany 2003 (42)}) 14... cxd4 15. cxd4 exd4 (15... Bf8 16. b3 exd4 17. Bb2
Rc8 18. Nxd4 d5 19. exd5 Rxe1+ 20. Qxe1 Bxd5 $11 {1/2-1/2 Sznapik,A-Kholmov,R/
Sochi 1974/EXT 2001 (38)}) 16. Nxd4 d5 $5 {[%mdl 8]} (16... Bf8 {1-0
Mihalincic,T-Njirjak,J/Tucepi 1996/EXT 98 (40)}) 17. exd5 (17. e5 $2 Bb4 $1 $17
) 17... Bxd5 18. Ndf5 Bf8 19. Be3 {White has slightly more active pieces, but
Black has a solid position.} Qc7 20. Qd2 Qb7 $1 {[%cal Yd5g2] The pressure on
the white diagonal is quite irritating for White. Shirov decides to defend
with a counter attack.} 21. Bd4 $5 Bxg2 $1 22. Qg5 g6 23. Nh6+ (23. Bxf6 Bxh3
24. Nh4 h6 25. Qf4 Nxf6 26. Qxf6 Bg7 27. Qd6 g5 $40) 23... Bxh6 24. Qxh6 {
[%cal Yg3f5] White has some black squared weaknesses to work on for the P.}
Rxe1+ 25. Rxe1 Re8 26. Rxe8+ Nxe8 27. Qe3 (27. Nf5 $5 gxf5 28. Qg5+ Kf8 29.
Qxg2 Qxg2+ 30. Kxg2 Nd6 31. Kf3 $13) 27... Ng7 28. Bxg7 Kxg7 29. Qg5 (29. Nf5+
{leads to a draw.}) 29... Bxh3 30. Nh5+ Kg8 31. Qd8+ Nf8 32. Be4 $2 {Now Black
gets the better of it.} (32. Nf6+ Kg7 33. Ne8+ $11) 32... Qc8 33. Nf6+ Kh8 34.
Qe7 Be6 35. Kg2 Nd7 (35... Bxa2 $17) 36. Nxd7 Bxd7 37. Qxf7 Be6 38. Qf6+ Kg8
39. a3 Bf7 40. f3 Qd7 41. b4 a5 42. bxa5 Qd2+ 43. Kh3 Qxa5 44. Qd6 Qa7 45. Kg2
Bc4 46. Bd5+ Bxd5 47. Qxd5+ Kf8 48. Qxb5 Qxa3 49. Qb8+ Kg7 1/2-1/2

[Event "POL-ch 57th"]
[Site "Plock"]
[Date "2000.05.01"]
[Round "4"]
[White "Blehm, Pawel"]
[Black "Socko, Bartosz"]
[Result "1/2-1/2"]
[WhiteElo "2494"]
[BlackElo "2556"]
[Annotator "Wells,P"]
[PlyCount "68"]
[EventDate "2000.04.28"]
[EventType "tourn"]
[EventRounds "13"]
[EventCountry "POL"]
[EventCategory "10"]
[SourceTitle "CBM 078"]
[Source "ChessBase"]
[SourceDate "2000.10.18"]
[SourceVersion "1"]
[SourceVersionDate "2000.10.18"]
[SourceQuality "1"]

1. e4 e5 2. Nf3 Nc6 3. Bb5 a6 4. Ba4 Nf6 5. O-O Be7 6. Re1 b5 7. Bb3 d6 8. c3
O-O 9. h3 Nb8 10. d4 Nbd7 11. Nbd2 Bb7 12. Bc2 Re8 13. Nf1 Bf8 14. Ng3 g6 15.
a4 c6 16. Bd3 Qc7 17. Bg5 h6 18. Bd2 Bg7 19. dxe5 dxe5 20. b4 Rad8 21. Bf1 Nb6
22. a5 Nc4 $1 {[%mdl 2080] Much as discussed in the notes to Wells - Schulte
above, I suspect it is around here that the idea of the exchange sacrifice has
to take root. The move is rich in strategical significance: of course on the
one hand the exchange of white's light-squared bishop is highly desirable -
after all it creates a hole on d3 which is crtitical to black's entire idea.
However, be in no doubt, if black cannot hold his the c4 pawn which will
result from the exchange then the move is a bad one. Moreover, any aspiration
to create counterplay on the light squares requires at the very least that the
move ...c5 can be executed. So, the justification lies very much in specifics
- see note to 25 Rec1...} 23. Bxc4 bxc4 24. Qe2 Rd3 25. Rec1 {[%csl Yb6,Rb7,
Yc5,Rc6][%cal Yd2e3,Yf3d2,Yd2c4] White covers his c-pawn, and hence threatens
Be3 putting a bind on black's queenside, and certainly preventing black's
potential light-square superiority from coming to fruition. Note that if
white's c3 pawn was already covered and he could here simply play Be3 then
black's entire play would look very dubious. IT ALL RESTS ON SPECIFICS!} c5 $8
{[%cal Gb7e4] Of course.} 26. Ne1 {[%cal Yb7e4,Gd3g3,Yf6e4]} Rxg3 $1 {A good
sacrifice, to be sure, and refreshing to see such 'Sicilian style' motifs in a
Closed Spanish. Still the most instructive thing here is to look at black's
last 5 or so moves as a whole, and to see again how the concrete aspects of
the position enabled the whole plan to hold together.} 27. fxg3 Nxe4 28. Be3
cxb4 29. cxb4 Rc8 $15 {[%csl Gc4,Ge4,Ge5][%cal Gb7e4,Gg7f8,Gf8b4] Black's
position is a picture of health. All his pieces are functioning and both his
passed pawns look potentially threatening rather than vulnerable. I am fairly
sure that he could have continued the struggle a bit longer.} 30. g4 Bf8 31.
Rab1 Ng3 32. Qf2 Ne4 33. Qe2 Ng3 34. Qf2 Ne4 1/2-1/2

[Event "Interzonal-16"]
[Site "Biel"]
[Date "1993.??.??"]
[Round "3"]
[White "Sherzer, Alex"]
[Black "Lesiege, Alexandre"]
[Result "1-0"]
[WhiteElo "2500"]
[BlackElo "2485"]
[Annotator "Wolff,P"]
[PlyCount "93"]
[EventDate "1993.07.16"]
[EventType "swiss"]
[EventRounds "13"]
[EventCountry "SUI"]
[SourceTitle "CBM 037"]
[Source "ChessBase"]
[SourceDate "1993.12.01"]
[SourceVersion "1"]
[SourceVersionDate "1993.12.01"]
[SourceQuality "1"]

1. e4 e5 2. Nf3 Nc6 3. Bb5 a6 4. Ba4 Nf6 5. O-O Be7 6. Re1 b5 7. Bb3 d6 8. c3
O-O 9. h3 Nb8 10. d4 Nbd7 11. Nbd2 Bb7 12. Bc2 Re8 13. Nf1 Bf8 14. Ng3 g6 15.
b3 $5 {Favored by Judit Polgar in her match against Spassky in Budapest 1993.
Alex Sherzer, coincidentally, happened to be in Budapest at the time, so he
may have spoken briefly with the Polgars about this line, or other matters.} d5
16. Bg5 $1 {Polgar} h6 17. Bh4 $1 g5 $146 (17... dxe4 18. Nxe4 g5 19. dxe5 Nxe4
20. Bxe4 Bxe4 21. Rxe4 gxh4 22. Rd4 Re7 (22... Qc8 23. Rxd7 Bd6 24. Rxd6 cxd6
25. Qxd6 $16 {Granda Zuniga}) 23. e6 $1 fxe6 24. Ne5 $16 {Polgar,J-Spassky,B
Budapest match (8) 1993}) 18. Nxg5 hxg5 19. Bxg5 dxe4 (19... exd4 $5 20. e5
Rxe5 (20... Nxe5 21. Qxd4 {/\ Qh4,Nf5, and White has a strong attack. In this
case, keeping the pair of rooks helps White.}) 21. Rxe5 Nxe5 22. Qxd4 Qd6 $1 (
22... Bd6 23. Qh4 Ned7 24. Nf5 $18 {This is a winning attack, but White can
also win by 24.Bh7+ if he/she so chooses.}) (22... Ned7 23. Qh4 $16 {e.g.} Bg7
24. Nf5 Qf8 25. Re1 Re8 26. Rxe8 Qxe8 27. Nxg7 Kxg7 28. Bxf6+ Nxf6 29. Qg5+ Kf8
30. Qxf6) 23. Nf5 (23. Qh4 Ned7 (23... Ne4 $5)) 23... Qe6 {White's position
looks menacing, but it's not easy to find a convincing line.}) 20. Bxe4 $1 Bxe4
21. Rxe4 {Excellently done by White. The R on e4 is a powerful addition to the
attack- ing army on the kingside!} Qc8 22. Rh4 exd4 23. cxd4 Bg7 24. Nf5 Nf8
25. Qf3 $16 Re6 26. d5 Re5 27. Nh6+ $1 Bxh6 28. Bxf6 Bg7 29. Bxe5 Bxe5 30. Re1
Ng6 31. Rg4 Bg7 32. h4 $18 Kh8 33. Rge4 Qg8 34. h5 Nf8 35. Re7 Nh7 36. Qxf7
Qxf7 37. Rxf7 Bc3 38. Ree7 Nf6 39. Rxc7 Nxd5 40. Ra7 Re8 41. Rxa6 Kg8 42. Rf5
Nb4 43. Rg6+ Kh8 44. Rh6+ Kg7 45. Rg6+ Kh8 46. a3 Nd3 47. Rf3 1-0

[Event "Candidates FIDE m3"]
[Site "Wijk aan Zee"]
[Date "1994.??.??"]
[Round "2"]
[White "Kamsky, Gata"]
[Black "Van der Sterren, Paul"]
[Result "0-1"]
[WhiteElo "2695"]
[BlackElo "2605"]
[Annotator "Wolff,P"]
[PlyCount "158"]
[EventDate "1994.01.16"]
[EventType "match"]
[EventRounds "7"]
[EventCountry "NED"]
[SourceTitle "CBM 039"]
[Source "ChessBase"]
[SourceDate "1994.04.01"]
[SourceVersion "1"]
[SourceVersionDate "1994.04.01"]
[SourceQuality "1"]

1. e4 {Hansen,LB} e5 2. Nf3 Nc6 3. Bb5 a6 4. Ba4 Nf6 5. O-O Be7 6. Re1 b5 7.
Bb3 d6 8. c3 O-O 9. h3 Nb8 10. d4 Nbd7 11. Nbd2 Bb7 12. Bc2 Re8 13. Nf1 Bf8 14.
Ng3 g6 15. b3 Bg7 (15... d5 16. Bg5 $1 h6 17. Bh4 dxe4 18. Nxe4 {This is the
other way to play for Black, but it has been doing well for White of late.})
16. d5 Nb6 17. Be3 (17. Qe2 $2 c6 18. c4 cxd5 19. cxd5 Nfxd5 20. exd5 e4 21.
Nxe4 Bxa1 22. Bg5 f6 23. Bh4 Bxd5 24. Rxa1 Bxe4 25. Bxe4 d5 26. Qb2 dxe4 27.
Bxf6 Qd6 28. Nh2 h5 $17 {Kovalev,A-Gabriel,C Bundesliega 1993}) 17... Rc8 18.
Qe2 c6 19. c4 cxd5 20. cxd5 Nbxd5 {! Hansen,LB} 21. exd5 Nxd5 22. Be4 $5 $146 (
22. b4 Nxb4 23. Bb3 Bd5 24. Red1 Bc4 25. Qd2 Nd3 $17 {Polgar,J-Spassky,B
Budapest Match 1993}) (22. Qd2 $5 {Hansen,LB Michalchisjin}) 22... Nc3 23. Bxb7
Nxe2+ 24. Nxe2 d5 $1 (24... Rc2 25. Bd5 $14) (24... Rb8 $2 {Hansen,LB} 25. Bd5
$16) 25. Bxc8 Qxc8 26. Rac1 Qa8 (26... Qb7 27. Bc5 b4 $44 28. Nf4 a5 $13) 27.
Bb6 d4 (27... Qb7 28. Ba5 b4 $13) 28. Ng3 f5 29. Nf1 d3 30. N3d2 Rc8 31. b4 $5
{><c5} e4 32. f3 Rxc1 33. Rxc1 Qb7 34. Be3 exf3 35. Nxf3 Bb2 36. Rc5 Ba3 37.
Rc3 (37. Bf4 $5 {Hansen,LB /\Rc7,Ng5->}) 37... Bxb4 38. Rxd3 $14 Be7 39. N1d2 {
?! Hansen,LB} Qc7 40. Bd4 Qc1+ 41. Kf2 Qc2 42. Re3 Kf8 43. a3 Qa2 44. g4 Bxa3
45. gxf5 gxf5 46. Re5 Qc2 47. Be3 Bb2 48. Rc5 Qd3 49. Rc8+ Kf7 50. Ng5+ Ke7 51.
Rc7+ Ke8 52. Ndf3 (52. Rxh7 $6 {Hansen,LB} Bd4 $1 53. Nf1 b4 $17) 52... h6 53.
Ne6 Qd6 54. Rc8+ Kf7 55. Nd8+ Kg7 56. Bf4 {?! Hansen,LB} (56. Rc7+ $5 {Hansen,
LB}) 56... Qb6+ (56... Qxf4 $4 {Hansen,LB} 57. Ne6+ $18) 57. Kg3 (57. Be3 $5 {
Hansen,LB}) 57... Bf6 58. Rb8 Bxd8 59. Rxb6 Bxb6 $10 {Black is never in danger
because his queenside pawns are so strong.} 60. Be5+ (60. Nh4 Kf6 61. Bxh6 a5
62. Nf3 (62. Bd2 b4 63. Ng2 (63. Nf3 Bc5 64. Ne1 a4 65. Nd3 Bd6+ 66. Kf3 b3)
63... Bd4 $1 {/\ ...b4-b3}) (62. Bf8 b4 63. Ng2 Kf7 64. Bd6 Ke6) 62... b4 63.
Bf8 Be3 $1 64. Ne1 Kf7 $1 (64... b3 65. Nd3 Bc1 66. Bc5) 65. Bd6 Ke6 66. Bf8 (
66. Bf4 Bxf4+ 67. Kxf4 b3 (67... a4 68. Nd3 b3 69. Nc5+ Kd5 70. Nxa4) 68. Nd3
Kf6 69. Nb2 Kg6 $10) 66... Kf7) 60... Kf7 61. Kf4 Ke6 62. Bg7 {?! Hansen,LB}
Bc7+ 63. Ke3 Bb6+ 64. Kd3 $6 {? Hansen,LB} (64. Kf4 $10 {Hansen,LB}) 64... h5
65. Bc3 {?! Hansen,LB} (65. Nd4+ $1 $10) 65... a5 66. Bd2 {Adjourned} a4 67.
Nd4+ Bxd4 68. Kxd4 a3 69. Bb4 a2 70. Bc3 b4 71. Ba1 Kd6 72. Kc4 $4 (72. h4 $1
$10 {P. Van der Sterren} Ke6 (72... b3 73. Kc4 f4 74. Kd4 $1 (74. Kxb3 f3 $19)
74... f3 75. Ke3 Kd5 76. Kxf3 Kc4 77. Ke2 Kb4 78. Kd2 Ka3 79. Kc3) (72... Kc6
73. Ke5 Kc5 74. Kxf5 Kc4 75. Ke4 Kb3 76. Kd3) (72... f4 73. Ke4 Kc5 74. Kxf4
Kc4 75. Ke3 Kb3 76. Kd2) 73. Bb2 $1 $10) 72... Kc6 $1 73. Kb3 (73. Kd4 Kb5 74.
Kd3 Ka4 75. Kc2 f4 $19) (73. Bd4 f4 74. Kb3 Kd5 $19) (73. h4 f4 74. Kd3 Kd5 75.
Bh8 f3 76. Ke3 Kc4 $19) (73. Kxb4 Kd5 74. Kc3 (74. Kb3 f4 $19) 74... Ke4 75.
Kd2 Kf3 $19 {/\ ...Kg2, ...f5-f4-f3-f2-f1} 76. Kc2 Kg2 77. Kb3 f4 78. Kxa2 f3
79. Bd4 f2 80. Bxf2 Kxf2 81. Kb2 Kg3 82. Kc2 Kxh3 83. Kd2 Kg2 $19) 73... Kd5
74. Kxa2 f4 75. Bf6 f3 76. Bh4 Kd4 77. Kb3 Ke3 78. Kxb4 f2 79. Bxf2+ Kxf2 {
The white King doesn't reach the saving square f1.} 0-1